Studies in land and credit in Ancient Athens, 500-200 B.C. : the Horos inscriptions

Αποθηκεύτηκε σε:
Λεπτομέρειες βιβλιογραφικής εγγραφής
Κύριος συγγραφέας: Finley, M. I. (Moses I.) 1912-1986
Μορφή: Βιβλίο
Γλώσσα:English
Δημοσίευση: New Brunswick : Transaction Books, c1985
Σειρά:Social sciences classics series
Θέματα:
Ετικέτες: Προσθήκη ετικέτας
Δεν υπάρχουν, Καταχωρήστε ετικέτα πρώτοι!

MARC

LEADER 00000nam a2200000 i 4500
001 1/25439
008 981208s1985 eng d
020 |a 0-88738-066-2 
035 |l 10037336 
040 |a GR-MY-UA  |b gre  |e aacr 
041 0 |a eng 
082 0 |a 333.309385 
100 1 |a Finley, M. I.  |q (Moses I.)  |d 1912-1986. 
245 1 0 |a Studies in land and credit in Ancient Athens, 500-200 B.C. :  |b the Horos inscriptions /  |c Moses I. Finley 
260 |a New Brunswick :   |b Transaction Books,   |c c1985 
300 |a 332 p. 
490 1 |a Social science classics series 
500 |a Reprint. Originally published: New Brunswick, N.J.: Rutgers University Press, 1951 
504 |a Bibliography304-308: Includes index 
650 0 0 |a Land tenure  |z Greece  |z Athens  |x History. 
650 0 0 |a Real property  |z Greece  |z Athens  |x History. 
650 0 0 |a Credit  |z Greece  |z Athens  |x History. 
830 0 |a Social sciences classics series 
852 |a INST  |b LESVOS  |e 19981208  |h 333.309385 FIN  |p 005100018169  |q 005100018169  |t BK  |y 0 
901 |a BIBL-1999-1 
909 |a Λ  |b 060262 
922 |a 1ΕΛΗ  |b 199810  |c ΚΠΣ/ΤΓ  |d ΠΑΠΑΣΩΤΗΡΙΟΥ 
950 |a 118-1998-07-21